La historia de vida de Ángel : parálisis cerebral, normalidad y comunicación /

Detalles Bibliográficos
Autor principal: Rosa Moreno, Lourdes de la (Autor)
Otros Autores: Subirés Gómez, Ángel (contributor agent of text.)
Formato: Electrónico eBook
Lenguaje:español
Publicado: Madrid : Editorial La Muralla, S. A., [2008]
Colección:Aula abierta (Madrid, Spain)
Materias:
Acceso en línea:Digitalia Hispánica

MARC

LEADER 00000nam a2200000Ii 4500
001 DIGARCOL0151
003 NyNyDIG
006 m o d
007 cr |||||||||||
008 241001s2008 sp ob 000 0 spa d
035 |a (OCoLC)1402725105 
040 |a DGITA  |b eng  |e rda  |e pn  |c DGITA 
020 |z 9788471337740 
050 1 4 |a RC388 ebook 
100 1 |a Rosa Moreno, Lourdes de la,  |e author. 
245 1 3 |a La historia de vida de Ángel :  |b parálisis cerebral, normalidad y comunicación /  |c Lourdes de la Rosa Moreno ; con la colaboración especial de Ángel Subirés Gómez. 
264 1 |a Madrid :  |b Editorial La Muralla, S. A.,  |c [2008] 
300 |a 1 online resource. 
336 |a text  |b txt  |2 rdacontent 
337 |a computer  |b c  |2 rdamedia 
338 |a online resource  |b cr  |2 rdacarrier 
347 |a text file  |2 rdaft 
347 |b PDF 
490 1 |a Colección Aula abierta 
504 |a Includes bibliographical references. 
588 0 |a Online resource; title from PDF title page (Digitalia, viewed October 1, 2024) 
600 1 0 |a Subirés Gómez, Ángel. 
650 0 |a Cerebral palsy  |x Case studies. 
650 0 |a People with disabilities  |x Case studies. 
700 1 |a Subirés Gómez, Ángel,  |e contributor agent of text. 
791 2 |a Digitalia (Firm),  |e distributor. 
793 0 |g Digitalia eBook Collection:  |a Arco/Libros 
776 0 8 |i Print version:  |a Rosa Moreno, Lourdes de la.  |t Historia de vida de ángel.  |d Madrid : Editorial La Muralla, S. A., [2008]  |z 9788471337740 
830 0 |a Aula abierta (Madrid, Spain) 
856 4 0 |3 Digitalia Hispánica  |u https://www.digitaliapublishing.com/a/137255/ 
910 |a Premium collection: 2024